000 00541nam a2200229Ia 4500
003 OSt
005 20220924153444.0
006 a|||||r|||| 00| 0
007 ta
008 220923b |||||||| |||| 00| 0 tam d
024 _a350289
037 _cTextual
040 _aARTS
_cARTS
_btam
041 _2tam
_atam
082 _aY, 31N6
100 _aThankappa Au.
_9228876
245 0 _aAthu vallkai
260 _c1996
650 _aSOCIOLOGY
942 _hY, 31N6
_cTEXL
_2CC
999 _c473670
_d473670